[Event "CNJovens24"]
[Site "Sao Pedro do Sul"]
[Date "2024.03.26"]
[Round "6.13"]
[White "Zhang, Xin"]
[Black "Costa Bicho, Ivan-Pi"]
[Result "1/2-1/2"]
[LiveChessVersion "1.4.8"]
[BlackElo "1555"]
[WhiteElo "1860"]

1. d4 {[%clk 1:30:59]} d5 {[%clk 1:30:50]} 2. Bf4 {[%clk 1:31:25]} Nf6
{[%clk 1:31:11]} 3. e3 {[%clk 1:31:51]} e6 {[%clk 1:31:16]} 4. Nf3
{[%clk 1:32:08]} c5 {[%clk 1:31:16]} 5. Nbd2 {[%clk 1:32:30]} Bd6
{[%clk 1:31:31]} 6. Bg3 {[%clk 1:32:55]} O-O {[%clk 1:31:16]} 7. c3
{[%clk 1:33:20]} Qc7 {[%clk 1:31:36]} 8. Bd3 {[%clk 1:33:28]} Nbd7
{[%clk 1:31:39]} 9. e4 {[%clk 1:08:27]} cxd4 {[%clk 1:16:27]} 10. cxd4
{[%clk 1:07:05]} dxe4 {[%clk 1:14:39]} 11. Nxe4 {[%clk 1:07:11]} Nxe4
{[%clk 1:14:47]} 12. Bxe4 {[%clk 1:07:37]} Qa5+ {[%clk 1:14:27]} 13. Kf1
{[%clk 1:06:40]} Nf6 {[%clk 0:59:38]} 14. Bd3 {[%clk 0:52:45]} Qb6
{[%clk 0:51:36]} 15. Qd2 {[%clk 0:45:32]} Bd7 {[%clk 0:47:23]} 16. a3
{[%clk 0:34:09]} Bb5 {[%clk 0:42:50]} 17. Bxd6 {[%clk 0:30:44]} Bxd3+
{[%clk 0:42:41]} 18. Qxd3 {[%clk 0:31:06]} Qxd6 {[%clk 0:42:58]} 19. Ke2
{[%clk 0:24:43]} Rac8 {[%clk 0:40:01]} 20. Rhc1 {[%clk 0:24:27]} Qb6
{[%clk 0:38:32]} 21. Rc2 {[%clk 0:23:49]} Nd5 {[%clk 0:37:50]} 22. Kf1
{[%clk 0:19:08]} Rc7 {[%clk 0:30:59]} 23. Rac1 {[%clk 0:18:07]} Rfc8
{[%clk 0:31:14]} 24. Kg1 {[%clk 0:17:07]} Nf4 {[%clk 0:30:23]} 25. Qd2
{[%clk 0:15:22]} Nd5 {[%clk 0:27:30]} 26. Qe2 {[%clk 0:09:46]} h6
{[%clk 0:22:06]} 27. Qd2 {[%clk 0:05:42]} Qb3 {[%clk 0:20:55]} 28. Ne1
{[%clk 0:04:31]} Rxc2 {[%clk 0:15:02]} 29. Rxc2 {[%clk 0:04:46]} Rxc2
{[%clk 0:15:25]} 30. Qxc2 {[%clk 0:05:07]} Qxc2 {[%clk 0:15:45]} 31. Nxc2
{[%clk 0:05:35]} Kf8 {[%clk 0:15:57]} 32. Kf1 {[%clk 0:05:06]} Ke7
{[%clk 0:16:16]} 33. Ke2 {[%clk 0:05:00]} Kd6 {[%clk 0:16:30]} 34. g3
{[%clk 0:04:08]} g5 {[%clk 0:16:07]} 35. Kd3 {[%clk 0:03:30]} f5 {[%clk 0:15:25]}
36. h3 {[%clk 0:03:08]} e5 {[%clk 0:14:21]} 37. dxe5+ {[%clk 0:02:17]} Kxe5
{[%clk 0:14:40]} 38. Nd4 {[%clk 0:02:24]} Nf6 {[%clk 0:12:18]} 39. Nf3+
{[%clk 0:01:58]} Kd5 {[%clk 0:12:34]} 40. Nd4 {[%clk 0:01:22]} Ne4
{[%clk 0:11:35]} 41. Nxf5 {[%clk 0:01:17]} Nxf2+ {[%clk 0:11:55]} 42. Ke3 Nxh3
{[%clk 0:11:34]} 43. Nxh6 {[%clk 0:01:18]} Kc4 {[%clk 0:11:55]} 44. Nf5
{[%clk 0:01:34]} Kb3 {[%clk 0:12:11]} 45. Nd6 {[%clk 0:01:45]} b6
{[%clk 0:12:06]} 46. Nc8 {[%clk 0:01:52]} Kxb2 {[%clk 0:12:24]} 47. Nxa7
{[%clk 0:01:28]} Kxa3 {[%clk 0:12:50]} 48. Kf3 {[%clk 0:01:32]} Ng1+
{[%clk 0:13:11]} 49. Kg4 {[%clk 0:01:47]} Ne2 {[%clk 0:13:33]} 50. Kxg5
{[%clk 0:02:03]} Nxg3 {[%clk 0:13:55]} 51. Kf4 {[%clk 0:02:29]} Ne2+
{[%clk 0:14:14]} 52. Ke3 {[%clk 0:02:29]} 1/2-1/2

[Event "CNJovens24"]
[Site "Sao Pedro do Sul"]
[Date "2024.03.26"]
[Round "6.14"]
[White "Freitas, Daniel"]
[Black "Rosa, Jose Lourenco"]
[Result "1-0"]
[LiveChessVersion "1.4.8"]
[BlackElo "1616"]
[WhiteElo "1716"]

1. e4 {[%clk 1:30:15]} c5 {[%clk 1:30:54]} 2. Nc3 {[%clk 1:30:37]} g6
{[%clk 1:31:06]} 3. f4 {[%clk 1:30:25]} Bg7 {[%clk 1:31:31]} 4. Nf3
{[%clk 1:30:46]} Nc6 {[%clk 1:31:55]} 5. Bb5 {[%clk 1:26:05]} Nd4
{[%clk 1:31:40]} 6. O-O {[%clk 1:20:30]} a6 {[%clk 1:30:27]} 7. Bd3
{[%clk 1:19:22]} d6 {[%clk 1:23:57]} 8. h3 {[%clk 1:11:03]} e6 {[%clk 1:09:18]}
9. b3 {[%clk 0:59:37]} Ne7 {[%clk 1:01:42]} 10. Bb2 {[%clk 0:58:51]} O-O
{[%clk 0:56:43]} 11. Kh1 {[%clk 0:53:02]} Nec6 {[%clk 0:47:46]} 12. a3
{[%clk 0:51:19]} b5 {[%clk 0:45:48]} 13. Nxd4 {[%clk 0:34:34]} Nxd4
{[%clk 0:40:44]} 14. Rb1 {[%clk 0:30:14]} Bb7 {[%clk 0:36:47]} 15. Ne2
{[%clk 0:24:30]} Nxe2 {[%clk 0:31:29]} 16. Qxe2 {[%clk 0:23:49]} Rb8
{[%clk 0:17:39]} 17. Qe3 {[%clk 0:20:35]} Qe7 {[%clk 0:14:25]} 18. Bxg7
{[%clk 0:18:48]} Kxg7 {[%clk 0:14:52]} 19. Rbe1 {[%clk 0:18:16]} Rbe8
{[%clk 0:12:55]} 20. Qg3 {[%clk 0:17:24]} Kh8 {[%clk 0:11:34]} 21. Re3
{[%clk 0:14:07]} Bc6 {[%clk 0:10:46]} 22. Be2 {[%clk 0:13:31]} Rg8
{[%clk 0:10:30]} 23. Bf3 {[%clk 0:11:58]} Ba8 {[%clk 0:09:08]} 24. h4
{[%clk 0:10:37]} h6 {[%clk 0:07:17]} 25. Qh2 {[%clk 0:09:42]} Qf8
{[%clk 0:05:48]} 26. e5 {[%clk 0:06:36]} Bxf3 {[%clk 0:05:18]} 27. Rexf3
{[%clk 0:06:38]} d5 {[%clk 0:04:56]} 28. h5 {[%clk 0:06:41]} gxh5
{[%clk 0:02:01]} 29. Qxh5 {[%clk 0:07:07]} Qg7 {[%clk 0:02:28]} 30. g4
{[%clk 0:05:59]} Kh7 {[%clk 0:02:19]} 31. Rh3 {[%clk 0:05:46]} Qg6
{[%clk 0:02:28]} 32. g5 {[%clk 0:02:56]} Qxh5 {[%clk 0:02:26]} 33. Rxh5
{[%clk 0:03:24]} Rg6 {[%clk 0:02:55]} 34. Rg1 {[%clk 0:02:51]} Reg8
{[%clk 0:02:23]} 35. Rg2 {[%clk 0:02:40]} R8g7 {[%clk 0:02:01]} 36. Rgh2
{[%clk 0:02:48]} Rg8 {[%clk 0:01:35]} 37. Rxh6+ {[%clk 0:03:02]} Rxh6
{[%clk 0:01:48]} 38. Rxh6+ {[%clk 0:03:25]} Kg7 {[%clk 0:02:12]} 39. Kg2
{[%clk 0:03:13]} Rd8 {[%clk 0:02:14]} 40. Kf3 {[%clk 0:03:06]} Re8
{[%clk 0:00:42]} 41. Kg4 {[%clk 0:03:08]} Rc8 {[%clk 0:00:32]} 42. f5
{[%clk 0:03:02]} exf5+ {[%clk 0:00:33]} 43. Kxf5 {[%clk 0:03:31]} c4
{[%clk 0:00:33]} 44. b4 {[%clk 0:02:17]} d4 {[%clk 0:00:31]} 45. Rxa6
{[%clk 0:02:00]} d3 {[%clk 0:00:40]} 46. cxd3 {[%clk 0:01:40]} cxd3
{[%clk 0:01:09]} 47. Rd6 {[%clk 0:01:58]} Rc1 {[%clk 0:00:37]} 48. Rxd3
{[%clk 0:02:16]} Rf1+ {[%clk 0:00:55]} 49. Ke4 1-0

[Event "CNJovens24"]
[Site "Sao Pedro do Sul"]
[Date "2024.03.26"]
[Round "6.15"]
[White "Neto, Dinis"]
[Black "Adhya, Havir"]
[Result "1/2-1/2"]
[LiveChessVersion "1.4.8"]
[BlackElo "1650"]
[WhiteElo "1650"]

1. e4 e5 2. Nf3 Nc6 3. Bb5 a6 4. Ba4 Nf6 5. O-O Be7 6. Re1 b5 7. Bb3 d6 8. h3 O-O
9. c3 Na5 10. Bc2 c5 11. d3 Qc7 12. Be3 Bb7 13. Nbd2 Rac8 14. Rc1 Rfd8 15. Qe2
Bf8 16. Bg5 Qe7 17. Nf1 Qe6 18. b3 h6 19. Bh4 Nc6 20. Ne3 Ne7 21. Bxf6 Qxf6 22.
c4 b4 23. Nh2 Ng6 24. g3 Rb8 25. Qf1 h5 26. Bd1 Qg5 27. Qe2 Nf4 28. Qf1 Bc8 29.
Nf3 Nxh3+ 30. Qxh3 Qxe3 31. Rxe3 Bxh3 32. Re2 Bg4 33. Rec2 Bxf3 34. Bxf3 g6 35.
Kg2 Ra8 36. a4 bxa3 37. Ra1 Rdb8 38. Rxa3 Rb4 39. Rca2 Rab8 40. Bd1 h4 1/2-1/2

[Event "CNJovens24"]
[Site "Sao Pedro do Sul"]
[Date "2024.03.26"]
[Round "6.16"]
[White "Marques, Goncalo"]
[Black "Cardoso, Xavier"]
[Result "1-0"]
[LiveChessVersion "1.4.8"]
[BlackElo "1593"]
[WhiteElo "1690"]

1. e4 {[%clk 1:30:58]} c5 {[%clk 1:30:50]} 2. Nf3 {[%clk 1:31:24]} Nc6
{[%clk 1:31:07]} 3. d4 {[%clk 1:31:47]} cxd4 {[%clk 1:31:26]} 4. Nxd4
{[%clk 1:32:08]} Nf6 {[%clk 1:31:38]} 5. Nc3 {[%clk 1:32:29]} e5 {[%clk 1:31:56]}
6. Ndb5 {[%clk 1:32:03]} d6 {[%clk 1:32:11]} 7. Bg5 {[%clk 1:32:04]} a6
{[%clk 1:32:22]} 8. Na3 {[%clk 1:32:28]} b5 {[%clk 1:32:42]} 9. Nd5
{[%clk 1:32:53]} Be7 {[%clk 1:32:56]} 10. Bxf6 {[%clk 1:33:18]} Bxf6
{[%clk 1:33:07]} 11. c3 {[%clk 1:33:37]} Ne7 {[%clk 1:32:56]} 12. Nxf6+
{[%clk 1:21:43]} gxf6 {[%clk 1:33:14]} 13. Qd2 {[%clk 1:16:31]} Bb7
{[%clk 1:23:52]} 14. Bd3 {[%clk 1:11:15]} Rg8 {[%clk 1:17:03]} 15. f3
{[%clk 1:04:55]} d5 {[%clk 1:12:33]} 16. O-O-O {[%clk 0:57:15]} Qb6
{[%clk 1:07:16]} 17. Kb1 {[%clk 0:52:58]} Rd8 {[%clk 1:02:52]} 18. Qe2
{[%clk 0:45:24]} d4 {[%clk 0:53:59]} 19. cxd4 {[%clk 0:43:35]} Rxd4
{[%clk 0:53:51]} 20. Nc2 {[%clk 0:41:53]} Rd6 {[%clk 0:54:07]} 21. Ne3
{[%clk 0:38:25]} Bc8 {[%clk 0:50:24]} 22. Bc2 {[%clk 0:35:00]} Be6
{[%clk 0:48:59]} 23. Rxd6 {[%clk 0:33:39]} Qxd6 {[%clk 0:49:18]} 24. Rd1
{[%clk 0:33:36]} Qc7 {[%clk 0:47:13]} 25. Qd3 {[%clk 0:23:56]} Nc6
{[%clk 0:44:27]} 26. Qc3 {[%clk 0:14:15]} Qb7 {[%clk 0:37:35]} 27. Bb3
{[%clk 0:10:56]} Bxb3 {[%clk 0:33:00]} 28. Qxb3 {[%clk 0:10:54]} Nd4
{[%clk 0:33:01]} 29. Qb4 {[%clk 0:11:05]} Kd7 {[%clk 0:25:34]} 30. Nf5
{[%clk 0:07:21]} Re8 {[%clk 0:19:58]} 31. Qd6+ {[%clk 0:06:15]} Kc8
{[%clk 0:20:06]} 32. Rc1+ {[%clk 0:06:41]} 1-0

[Event "CNJovens24"]
[Site "Sao Pedro do Sul"]
[Date "2024.03.26"]
[Round "6.17"]
[White "Faryma, Maksym"]
[Black "Correia, Antonio"]
[Result "1-0"]
[LiveChessVersion "1.4.8"]
[BlackElo "1657"]
[WhiteElo "1846"]

1. e4 c6 2. d4 d5 3. exd5 cxd5 4. Bd3 Nc6 5. c3 e6 6. Nf3 Bd6 7. O-O Nf6 8. Bg5
h6 9. Bh4 Be7 10. Qc2 O-O 11. Nbd2 Bd7 12. Rfe1 a6 13. a4 b6 14. h3 Qc7 15. Ne5
Rfc8 16. Qd1 Qb7 17. Qe2 Bd8 18. Nxd7 Nxd7 19. Bg3 Bc7 20. Bxc7 Rxc7 21. f4 Nf8
22. f5 Re7 23. f6 Ree8 24. Qg4 g6 25. Qh4 Kh7 26. Nf3 h5 27. Qxh5+ Kg8 28. Qh6 e5
29. Qg7# 1-0

[Event "CNJovens24"]
[Site "Sao Pedro do Sul"]
[Date "2024.03.26"]
[Round "6.18"]
[White "Goncalves, Beatriz"]
[Black "Ferreira, Vasco"]
[Result "0-1"]
[LiveChessVersion "1.4.8"]
[BlackElo "1812"]
[WhiteElo "1587"]

1. e4 {[%clk 1:30:56]} c5 {[%clk 1:30:55]} 2. c4 {[%clk 1:31:22]} Nc6
{[%clk 1:31:14]} 3. Nc3 {[%clk 1:31:42]} g6 {[%clk 1:31:14]} 4. g3
{[%clk 1:31:28]} Bg7 {[%clk 1:31:17]} 5. Nge2 {[%clk 1:31:47]} d6
{[%clk 1:30:54]} 6. Bg2 {[%clk 1:31:40]} e6 {[%clk 1:30:38]} 7. d3
{[%clk 1:30:22]} Nge7 {[%clk 1:30:21]} 8. O-O {[%clk 1:29:55]} O-O
{[%clk 1:30:11]} 9. Be3 {[%clk 1:27:39]} Nd4 {[%clk 1:30:26]} 10. Bxd4
{[%clk 1:26:18]} cxd4 {[%clk 1:30:07]} 11. Nb5 {[%clk 1:24:30]} e5
{[%clk 1:27:47]} 12. f4 {[%clk 1:23:35]} a6 {[%clk 1:23:26]} 13. Na3
{[%clk 1:23:51]} Rb8 {[%clk 1:21:35]} 14. b4 {[%clk 1:22:10]} f5 {[%clk 1:15:13]}
15. Qb3 {[%clk 1:19:36]} Kh8 {[%clk 1:09:25]} 16. Nc2 {[%clk 1:09:51]} b6
{[%clk 1:04:48]} 17. a4 {[%clk 1:08:27]} Bb7 {[%clk 1:02:13]} 18. exf5
{[%clk 1:00:39]} Bxg2 {[%clk 0:58:38]} 19. Kxg2 {[%clk 1:00:31]} Nxf5
{[%clk 0:56:56]} 20. Rab1 {[%clk 0:56:06]} Rc8 {[%clk 0:51:00]} 21. Rbc1
{[%clk 0:43:21]} Bh6 {[%clk 0:39:03]} 22. Rcd1 {[%clk 0:42:36]} b5
{[%clk 0:33:27]} 23. fxe5 {[%clk 0:40:46]} bxc4 {[%clk 0:29:46]} 24. dxc4
{[%clk 0:39:59]} dxe5 {[%clk 0:30:10]} 25. Nc3 {[%clk 0:35:05]} Qc7
{[%clk 0:26:18]} 26. g4 {[%clk 0:33:48]} Nh4+ {[%clk 0:23:50]} 27. Kh3
{[%clk 0:33:26]} dxc3 {[%clk 0:15:40]} 28. Kxh4 {[%clk 0:33:35]} Rxf1
{[%clk 0:15:11]} 29. Rxf1 {[%clk 0:33:54]} Qd8+ {[%clk 0:14:44]} 30. Kg3
{[%clk 0:33:49]} Bf4+ {[%clk 0:14:35]} 31. Rxf4 {[%clk 0:33:55]} exf4+
{[%clk 0:14:58]} 32. Kxf4 {[%clk 0:34:09]} Qc7+ {[%clk 0:14:55]} 33. Ke3
{[%clk 0:34:05]} Qe5+ {[%clk 0:14:45]} 34. Kf3 {[%clk 0:34:08]} Rf8+
{[%clk 0:14:54]} 35. Kg2 {[%clk 0:34:27]} Qe2+ {[%clk 0:14:57]} 36. Kh3
{[%clk 0:34:40]} Rf3+ {[%clk 0:14:56]} 37. Kh4 {[%clk 0:35:03]} Qe7+
{[%clk 0:15:18]} 38. g5 {[%clk 0:35:21]} Qe4# {[%clk 0:15:40]} 0-1

[Event "CNJovens24"]
[Site "Sao Pedro do Sul"]
[Date "2024.03.26"]
[Round "6.19"]
[White "Pontes, Vicente"]
[Black "Frutuoso, Tiago"]
[Result "0-1"]
[LiveChessVersion "1.4.8"]
[BlackElo "1718"]
[WhiteElo "1570"]

1. e4 {[%clk 1:30:28]} e5 {[%clk 1:30:38]} 2. Nf3 {[%clk 1:30:29]} Nc6
{[%clk 1:30:57]} 3. Bc4 {[%clk 1:30:15]} Bc5 {[%clk 1:31:01]} 4. b4
{[%clk 1:29:00]} Bxb4 {[%clk 1:30:45]} 5. c3 {[%clk 1:29:15]} Be7
{[%clk 1:30:46]} 6. d4 {[%clk 1:28:06]} Na5 {[%clk 1:30:00]} 7. Nxe5
{[%clk 1:28:11]} Nxc4 {[%clk 1:30:18]} 8. Nxc4 {[%clk 1:28:18]} d5
{[%clk 1:28:45]} 9. exd5 {[%clk 1:27:59]} Qxd5 {[%clk 1:27:49]} 10. Ne3
{[%clk 1:27:36]} Qd8 {[%clk 1:27:14]} 11. O-O {[%clk 1:22:07]} Nf6
{[%clk 1:26:33]} 12. Nd2 {[%clk 1:21:58]} O-O {[%clk 1:25:35]} 13. Nf3
{[%clk 1:20:22]} b6 {[%clk 1:19:37]} 14. Re1 {[%clk 1:18:32]} Bb7
{[%clk 1:18:11]} 15. a4 {[%clk 1:14:12]} Re8 {[%clk 1:16:15]} 16. Rb1
{[%clk 1:07:29]} c5 {[%clk 1:13:31]} 17. a5 {[%clk 1:02:34]} cxd4
{[%clk 1:12:09]} 18. cxd4 {[%clk 1:02:18]} Bxf3 {[%clk 1:10:46]} 19. Qxf3
{[%clk 1:02:20]} bxa5 {[%clk 1:08:35]} 20. Nf5 {[%clk 0:59:11]} Rc8
{[%clk 0:53:14]} 21. Bg5 {[%clk 0:53:10]} Nd5 {[%clk 0:50:44]} 22. Nxe7+
{[%clk 0:48:34]} Nxe7 {[%clk 0:50:52]} 23. h3 {[%clk 0:48:54]} f6
{[%clk 0:44:43]} 24. Be3 {[%clk 0:46:09]} Qd5 {[%clk 0:43:18]} 25. Qe2
{[%clk 0:43:42]} Nc6 {[%clk 0:39:19]} 26. Qa6 {[%clk 0:41:04]} Rc7
{[%clk 0:35:31]} 27. Rb5 {[%clk 0:38:13]} Qd7 {[%clk 0:29:31]} 28. d5
{[%clk 0:36:03]} Nd4 {[%clk 0:25:31]} 29. Rxa5 {[%clk 0:31:47]} Nc2
{[%clk 0:23:29]} 30. Rc1 {[%clk 0:27:24]} Nxe3 {[%clk 0:22:52]} 31. Rxc7
{[%clk 0:26:42]} Qxc7 {[%clk 0:23:09]} 32. fxe3 {[%clk 0:26:56]} Qc1+
{[%clk 0:22:47]} 33. Qf1 {[%clk 0:23:40]} Qxe3+ {[%clk 0:23:01]} 34. Qf2
{[%clk 0:23:58]} Qc1+ {[%clk 0:23:18]} 35. Kh2 Qc7+ 36. Kg1 Qd7 0-1

[Event "CNJovens24"]
[Site "Sao Pedro do Sul"]
[Date "2024.03.26"]
[Round "6.20"]
[White "Antunes, Tiago"]
[Black "Wang, Luciano"]
[Result "0-1"]
[LiveChessVersion "1.4.8"]
[BlackElo "1467"]
[WhiteElo "1593"]

1. e4 e5 2. Nf3 Nc6 3. Bc4 Bc5 4. O-O Nf6 5. d3 O-O 6. Bg5 h6 7. Bh4 d6 8. h3 Ne7
9. Bxf6 gxf6 10. Nh4 Kh7 11. Nc3 Be6 12. Bb3 Qd7 13. Kh2 Rg8 0-1

[Event "CNJovens24"]
[Site "Sao Pedro do Sul"]
[Date "2024.03.26"]
[Round "6.21"]
[White "Tenreiro, Manuel"]
[Black "Wang, Luis"]
[Result "1-0"]
[LiveChessVersion "1.4.8"]
[BlackElo "1440"]
[WhiteElo "1579"]

1. e4 {[%clk 1:30:49]} e5 {[%clk 1:30:44]} 2. Nf3 {[%clk 1:31:00]} Nc6
{[%clk 1:30:36]} 3. Bb5 {[%clk 1:30:52]} Bc5 {[%clk 1:30:23]} 4. O-O
{[%clk 1:30:46]} d6 {[%clk 1:30:01]} 5. c3 {[%clk 1:30:42]} a6 {[%clk 1:28:33]}
6. Ba4 {[%clk 1:30:10]} b5 {[%clk 1:27:34]} 7. Bc2 {[%clk 1:30:01]} Bg4
{[%clk 1:26:45]} 8. d3 {[%clk 1:28:10]} Nge7 {[%clk 1:22:51]} 9. Nbd2
{[%clk 1:23:03]} O-O {[%clk 1:21:30]} 10. h3 {[%clk 1:20:16]} Bh5
{[%clk 1:20:45]} 11. Re1 {[%clk 1:17:46]} Qd7 {[%clk 1:16:14]} 12. Bb1
{[%clk 1:12:10]} Bb6 {[%clk 1:12:08]} 13. Nxe5 {[%clk 1:00:25]} Bxd1
{[%clk 0:56:56]} 14. Nxd7 {[%clk 1:00:17]} Bh5 {[%clk 0:56:28]} 15. Nxf8
{[%clk 0:59:59]} Kxf8 {[%clk 0:56:40]} 16. Nf1 {[%clk 0:59:26]} b4
{[%clk 0:54:39]} 17. Ng3 {[%clk 0:57:48]} Bg6 {[%clk 0:53:52]} 18. Be3
{[%clk 0:54:21]} Ba5 {[%clk 0:48:44]} 19. Bd2 {[%clk 0:49:07]} d5
{[%clk 0:48:38]} 20. f3 {[%clk 0:44:06]} bxc3 {[%clk 0:46:16]} 21. Bxc3
{[%clk 0:42:34]} Bb6+ {[%clk 0:46:17]} 22. Kf1 {[%clk 0:42:55]} Rd8
{[%clk 0:45:37]} 23. Bc2 {[%clk 0:39:47]} Rd6 {[%clk 0:41:49]} 24. Ne2
{[%clk 0:34:57]} Be3 {[%clk 0:41:30]} 25. Rad1 {[%clk 0:32:36]} Rd7
{[%clk 0:38:35]} 26. Ng3 {[%clk 0:31:00]} Bf4 {[%clk 0:37:08]} 27. Kf2
{[%clk 0:30:03]} h5 {[%clk 0:36:31]} 28. Bd2 {[%clk 0:29:29]} Be5
{[%clk 0:36:26]} 29. Bc3 {[%clk 0:25:33]} Bd6 {[%clk 0:35:58]} 30. a3
{[%clk 0:24:27]} h4 {[%clk 0:29:12]} 31. Nf1 {[%clk 0:22:05]} Bc5+
{[%clk 0:25:14]} 32. d4 {[%clk 0:21:04]} dxe4 {[%clk 0:23:31]} 33. dxc5
{[%clk 0:18:05]} Nd5 {[%clk 0:22:44]} 34. Bxe4 {[%clk 0:17:18]} Nxc3
{[%clk 0:20:25]} 35. bxc3 {[%clk 0:17:19]} 1-0

[Event "CNJovens24"]
[Site "Sao Pedro do Sul"]
[Date "2024.03.26"]
[Round "6.22"]
[White "Santos, Gabriel"]
[Black "Southwell, Kevin"]
[Result "1-0"]
[LiveChessVersion "1.4.8"]
[BlackElo "1414"]
[WhiteElo "1533"]

1. e4 {[%clk 1:30:57]} c5 {[%clk 1:29:22]} 2. g3 {[%clk 1:31:32]} Nc6
{[%clk 1:27:19]} 3. Bg2 {[%clk 1:31:45]} g6 {[%clk 1:27:04]} 4. Ne2
{[%clk 1:31:26]} Bg7 {[%clk 1:27:17]} 5. c3 {[%clk 1:29:46]} e5 {[%clk 1:27:26]}
6. O-O {[%clk 1:29:52]} Nge7 {[%clk 1:27:22]} 7. d3 {[%clk 1:29:33]} d5
{[%clk 1:26:21]} 8. exd5 {[%clk 1:28:50]} Nxd5 {[%clk 1:26:21]} 9. h3
{[%clk 1:28:24]} O-O {[%clk 1:24:53]} 10. Kh2 {[%clk 1:23:33]} Be6
{[%clk 1:22:56]} 11. Nd2 {[%clk 1:20:23]} Rc8 {[%clk 1:22:00]} 12. Nb3
{[%clk 1:19:22]} b6 {[%clk 1:21:38]} 13. Re1 {[%clk 1:08:00]} Nde7
{[%clk 1:19:08]} 14. Be3 {[%clk 1:05:31]} f6 {[%clk 1:16:35]} 15. a4
{[%clk 1:04:34]} Bxb3 {[%clk 1:15:21]} 16. Qxb3+ {[%clk 1:03:12]} Kh8
{[%clk 1:15:42]} 17. Qc2 {[%clk 1:00:52]} Nf5 {[%clk 1:14:56]} 18. Qd2
{[%clk 0:59:46]} Na5 {[%clk 1:14:07]} 19. Nc1 {[%clk 0:57:27]} Nxe3 20. Qxe3
{[%clk 0:56:50]} Nc6 {[%clk 1:09:48]} 21. Nb3 {[%clk 0:55:59]} Qd6
{[%clk 1:07:11]} 22. a5 {[%clk 0:53:35]} Rfd8 {[%clk 1:04:00]} 23. axb6
{[%clk 0:52:33]} axb6 {[%clk 1:03:50]} 24. Red1 {[%clk 0:52:14]} Qe6
{[%clk 1:03:01]} 25. Nd2 {[%clk 0:50:28]} Rd6 {[%clk 0:59:14]} 26. Nc4
{[%clk 0:50:03]} Rdd8 {[%clk 0:56:50]} 27. Nxb6 {[%clk 0:48:15]} Rb8
{[%clk 0:54:46]} 28. Nc4 {[%clk 0:47:44]} Bf8 {[%clk 0:51:34]} 29. Ra6
{[%clk 0:44:17]} Rbc8 {[%clk 0:51:12]} 30. Na5 {[%clk 0:42:47]} Rd6
{[%clk 0:43:55]} 31. Nxc6 {[%clk 0:42:39]} Qb3 {[%clk 0:42:22]} 32. Raa1
{[%clk 0:36:30]} Rdxc6 {[%clk 0:40:31]} 33. Bxc6 {[%clk 0:35:44]} Rxc6
{[%clk 0:41:00]} 34. Qf3 {[%clk 0:35:26]} Rb6 {[%clk 0:40:49]} 35. Rab1
{[%clk 0:35:08]} Qc2 {[%clk 0:39:58]} 36. Kg2 {[%clk 0:34:42]} Rb3
{[%clk 0:38:27]} 37. Qxf6+ {[%clk 0:34:35]} Kg8 {[%clk 0:38:29]} 38. Qe6+
{[%clk 0:34:25]} Kh8 {[%clk 0:38:15]} 39. Rdc1 {[%clk 0:34:39]} Qxd3
{[%clk 0:37:43]} 40. Qxb3 {[%clk 0:34:38]} Qe4+ {[%clk 0:38:09]} 41. Kh2
{[%clk 0:33:57]} Qf3 {[%clk 0:38:00]} 42. Qc2 {[%clk 0:34:10]} e4
{[%clk 0:38:03]} 43. Re1 {[%clk 0:34:23]} e3 {[%clk 0:38:23]} 44. Rxe3
{[%clk 0:34:38]} Qf7 {[%clk 0:38:47]} 45. Qe2 {[%clk 0:33:28]} c4
{[%clk 0:39:02]} 46. Re8 {[%clk 0:33:28]} Kg7 {[%clk 0:39:14]} 47. Qe5+
{[%clk 0:33:24]} Kh6 {[%clk 0:39:37]} 48. Qf4+ {[%clk 0:31:52]} Qxf4
{[%clk 0:39:54]} 49. gxf4 {[%clk 0:32:06]} Bd6 {[%clk 0:40:16]} 50. Kg2
{[%clk 0:31:50]} Bxf4 {[%clk 0:40:38]} 51. Re4 {[%clk 0:32:03]} Bg5
{[%clk 0:40:43]} 52. Rxc4 {[%clk 0:32:21]} Kg7 {[%clk 0:41:06]} 53. b4
{[%clk 0:32:37]} Bd8 {[%clk 0:41:12]} 54. b5 {[%clk 0:32:43]} h5 {[%clk 0:41:23]}
55. b6 {[%clk 0:33:03]} Bxb6 {[%clk 0:41:41]} 56. Rxb6 {[%clk 0:33:19]} Kh6
{[%clk 0:42:07]} 57. h4 {[%clk 0:33:31]} Kg7 {[%clk 0:42:04]} 58. Rc8
{[%clk 0:33:39]} Kh6 {[%clk 0:42:18]} 59. f4 {[%clk 0:31:37]} Kg7
{[%clk 0:42:03]} 60. Rb7+ {[%clk 0:31:44]} Kf6 {[%clk 0:41:57]} 61. Rc6+
{[%clk 0:32:03]} Kf5 {[%clk 0:41:46]} 62. Kf3 {[%clk 0:29:59]} g5
{[%clk 0:41:36]} 63. Rf7# {[%clk 0:30:10]} 1-0

[Event "CNJovens24"]
[Site "Sao Pedro do Sul"]
[Date "2024.03.26"]
[Round "6.23"]
[White "Melo, Luisa"]
[Black "Oliveira, Gabriel"]
[Result "0-1"]
[LiveChessVersion "1.4.8"]
[BlackElo "1408"]
[WhiteElo "1497"]

1. e4 {[%clk 1:30:58]} e5 {[%clk 1:30:32]} 2. Nf3 {[%clk 1:31:00]} Nc6
{[%clk 1:30:31]} 3. Bc4 {[%clk 1:31:06]} Bc5 {[%clk 1:30:32]} 4. c3
{[%clk 1:30:56]} Nf6 {[%clk 1:30:40]} 5. d4 {[%clk 1:30:54]} exd4
{[%clk 1:30:27]} 6. e5 {[%clk 1:30:51]} d5 {[%clk 1:30:30]} 7. Bb5
{[%clk 1:30:52]} Ne4 {[%clk 1:30:16]} 8. cxd4 {[%clk 1:30:48]} Bb6
{[%clk 1:28:37]} 9. Nc3 {[%clk 1:30:38]} Bg4 {[%clk 1:22:54]} 10. h3
{[%clk 1:27:25]} Bh5 {[%clk 1:21:40]} 11. Be3 {[%clk 1:22:38]} Qd7
{[%clk 1:01:03]} 12. Qc2 {[%clk 1:11:36]} Nxc3 {[%clk 0:47:31]} 13. Qxc3
{[%clk 1:10:50]} a6 {[%clk 0:46:49]} 14. Ba4 {[%clk 1:09:56]} Bxf3
{[%clk 0:44:43]} 15. gxf3 {[%clk 1:09:48]} Ba5 {[%clk 0:42:54]} 16. b4
{[%clk 1:09:31]} Bxb4 {[%clk 0:42:08]} 17. Qxb4 {[%clk 1:09:51]} Nxb4
{[%clk 0:42:29]} 18. Bxd7+ {[%clk 1:10:14]} Kxd7 {[%clk 0:42:43]} 19. Kd2
{[%clk 1:10:06]} Nc6 {[%clk 0:41:42]} 20. Rhg1 {[%clk 1:07:33]} Rhg8
{[%clk 0:39:34]} 21. Rac1 {[%clk 1:03:30]} f6 {[%clk 0:36:38]} 22. Rc5
{[%clk 0:59:44]} fxe5 {[%clk 0:30:30]} 23. dxe5 {[%clk 0:53:53]} Nxe5
{[%clk 0:30:04]} 24. Rgc1 {[%clk 0:50:46]} c6 {[%clk 0:26:26]} 25. Rb1
{[%clk 0:43:25]} Rab8 {[%clk 0:23:49]} 26. Bf4 {[%clk 0:42:29]} Rge8
{[%clk 0:21:07]} 27. Rcc1 {[%clk 0:39:12]} Nxf3+ 28. Kc3 Ne5 {[%clk 0:17:55]} 29.
Rg1 {[%clk 0:37:08]} g6 {[%clk 0:17:35]} 30. Rg3 {[%clk 0:34:58]} b5
{[%clk 0:16:33]} 31. Kd4 {[%clk 0:33:52]} Nf3+ {[%clk 0:13:06]} 32. Rxf3
{[%clk 0:33:17]} Re4+ {[%clk 0:13:23]} 33. Kc3 {[%clk 0:26:13]} Rf8
{[%clk 0:13:47]} 34. Rb4 {[%clk 0:26:15]} Rxb4 {[%clk 0:13:02]} 35. Kxb4
{[%clk 0:26:34]} g5 {[%clk 0:13:24]} 36. Ka5 {[%clk 0:26:02]} Rxf4
{[%clk 0:13:26]} 37. Rxf4 {[%clk 0:26:04]} gxf4 {[%clk 0:13:34]} 38. Kxa6
{[%clk 0:26:28]} d4 {[%clk 0:13:38]} 39. Ka5 {[%clk 0:25:11]} d3 {[%clk 0:14:02]}
40. Kb4 {[%clk 0:24:51]} d2 {[%clk 0:14:18]} 41. Kc5 {[%clk 0:25:14]} d1=Q
{[%clk 0:14:34]} 42. Kb6 {[%clk 0:25:32]} Qd4+ {[%clk 0:14:29]} 43. Kb7
{[%clk 0:25:45]} c5 {[%clk 0:14:05]} 44. h4 {[%clk 0:25:30]} Qd6 {[%clk 0:14:24]}
45. h5 {[%clk 0:25:44]} Qc6+ {[%clk 0:14:35]} 46. Ka7 {[%clk 0:26:09]} Kc7
{[%clk 0:14:56]} 47. h6 {[%clk 0:26:09]} Qb7# {[%clk 0:15:21]} 0-1